| 000 | 00621 a2200205 4500 | ||
|---|---|---|---|
| 020 | _a0-09-179527-3 | ||
| 040 |
_aDLC _bDLC |
||
| 100 | 1 | _aClinton, Bill, | |
| 245 | 1 | 0 |
_aMy life _cBill Clinton |
| 260 |
_aLondon : _bHutchinson, _c2004 |
||
| 300 | _a957, xlii s., [32] pl.-s. | ||
| 600 | 1 | 4 |
_aClinton, Bill, _d1946- |
| 600 | 1 | 4 |
_aClinton, Bill, _d1946- |
| 650 | 7 |
_aPresidenter _zFrenta staterna |
|
| 650 | 7 |
_aPresidents _zUnited States |
|
| 651 | 7 |
_aFrenta staterna _xpolitik och frvaltning _y1993-2001 |
|
| 651 | 7 |
_aUnited States _xPolitics and government _y1993-2001. |
|
| 655 | 4 | _aBok | |
| 942 |
_cBK _k973.929092 CLI _2ddc |
||
| 999 |
_c9929 _d9929 |
||